000 00470nam a2200181Ia 4500
001 7651
005 20260306160511.0
008 260306t2023||||xx |||||||||||||| ||spa||
041 _aESP
082 _a352.77
_bM32
100 _aMayo Zambrano, Guillermo Joel,
_eAUT
245 0 _aObras públicas en el marco contractual nacional e internacional
260 _c2023
300 _a543 páginas :
_c25 cm.
650 _aGEN
654 _aCAN
942 _cLIB
_dJUS
_fJUS
_2ddc
_n
999 _c7651
_d7651